Novel Na+/Ca2+ Exchanger Inhibitor ORM-10962 Supports Coupled Function of Funny-Current and Na+/Ca2+ Exchanger in Pacemaking of Rabbit Sinus Node Tissue

Elmentve itt :
Bibliográfiai részletek
Szerzők: Kohajda Zsófia
Tóth Noémi
Szlovák Jozefina
Loewe Axel
Bitay Gergő
Gazdag Péter
Prorok János
Jost Norbert László
Levijoki Jouko
Pollesello Piero
Papp Gyula
Varró András
Nagy Norbert
Dokumentumtípus: Cikk
Megjelent: 2020
Sorozat:FRONTIERS IN PHARMACOLOGY 10
doi:10.3389/fphar.2019.01632

mtmt:31171025
Online Access:http://publicatio.bibl.u-szeged.hu/18238
LEADER 01214nab a2200337 i 4500
001 publ18238
005 20200217145309.0
008 200217s2020 hu o 0|| zxx d
022 |a 1663-9812 
024 7 |a 10.3389/fphar.2019.01632  |2 doi 
024 7 |a 31171025  |2 mtmt 
040 |a SZTE Publicatio Repozitórium  |b hun 
041 |a zxx 
100 1 |a Kohajda Zsófia 
245 1 0 |a Novel Na+/Ca2+ Exchanger Inhibitor ORM-10962 Supports Coupled Function of Funny-Current and Na+/Ca2+ Exchanger in Pacemaking of Rabbit Sinus Node Tissue  |h [elektronikus dokumentum] /  |c  Kohajda Zsófia 
260 |c 2020 
300 |a Azonosító: 1632-Terjedelem: 14 p 
490 0 |a FRONTIERS IN PHARMACOLOGY  |v 10 
700 0 1 |a Tóth Noémi  |e aut 
700 0 1 |a Szlovák Jozefina  |e aut 
700 0 1 |a Loewe Axel  |e aut 
700 0 1 |a Bitay Gergő  |e aut 
700 0 1 |a Gazdag Péter  |e aut 
700 0 1 |a Prorok János  |e aut 
700 0 1 |a Jost Norbert László  |e aut 
700 0 1 |a Levijoki Jouko  |e aut 
700 0 1 |a Pollesello Piero  |e aut 
700 0 1 |a Papp Gyula  |e aut 
700 0 1 |a Varró András  |e aut 
700 0 1 |a Nagy Norbert  |e aut 
856 4 0 |u http://publicatio.bibl.u-szeged.hu/18238/1/Kohajdaetal-FrontPharmacol2020.pdf  |z Dokumentum-elérés